ARRUPE JESUIT UNIVERSITY

CORONAVIRUS -STOP THE SPREAD - CLEAN,DISINFECT,COVER

Making silent stones speak : (Record no. 123979)

MARC details
000 -LEADER
fixed length control field 01097pam a2200301 a 4500
001 - CONTROL NUMBER
control field 2978679
003 - CONTROL NUMBER IDENTIFIER
control field ARRUPE
005 - DATE AND TIME OF LATEST TRANSACTION
control field 20160120152222.0
008 - FIXED-LENGTH DATA ELEMENTS--GENERAL INFORMATION
fixed length control field 921020s1993 nyua b 001 0 eng
010 ## - LIBRARY OF CONGRESS CONTROL NUMBER
LC control number 92035337
020 ## - INTERNATIONAL STANDARD BOOK NUMBER
International Standard Book Number 0671693719 :
Terms of availability $25.00
040 ## - CATALOGING SOURCE
Original cataloging agency DLC
Transcribing agency DLC
Modifying agency DLC
050 00 - LIBRARY OF CONGRESS CALL NUMBER
Classification number GN799.T6
Item number S35 1993
082 00 - DEWEY DECIMAL CLASSIFICATION NUMBER
Classification number 930.1/2
Edition number 20
300 ## - PHYSICAL DESCRIPTION
Other physical details ill. ;
Dimensions 25 cm.
100 1# - MAIN ENTRY--PERSONAL NAME
Personal name Schick, Kathy Diane.
9 (RLIN) 21641
245 10 - TITLE STATEMENT
Title Making silent stones speak :
Remainder of title human evolution and the dawn of technology /
Statement of responsibility, etc Kathy D. Schick and Nicholas Toth.
260 ## - PUBLICATION, DISTRIBUTION, ETC. (IMPRINT)
Place of publication, distribution, etc New York :
Name of publisher, distributor, etc Simon & Schuster,
Date of publication, distribution, etc c1993.
300 ## - PHYSICAL DESCRIPTION
Extent 351 p. :
504 ## - BIBLIOGRAPHY, ETC. NOTE
Bibliography, etc Includes bibliographical references (p. [325]-334) and index.
650 #0 - SUBJECT ADDED ENTRY--TOPICAL TERM
Topical term or geographic name as entry element Tools, Prehistoric.
9 (RLIN) 21642
650 #0 - SUBJECT ADDED ENTRY--TOPICAL TERM
Topical term or geographic name as entry element Flintknapping.
9 (RLIN) 21643
650 #0 - SUBJECT ADDED ENTRY--TOPICAL TERM
Topical term or geographic name as entry element Stone age.
9 (RLIN) 21644
650 #0 - SUBJECT ADDED ENTRY--TOPICAL TERM
Topical term or geographic name as entry element Tool use in animals.
9 (RLIN) 21645
700 1# - ADDED ENTRY--PERSONAL NAME
Personal name Toth, Nicholas Patrick.
9 (RLIN) 21646
906 ## - LOCAL DATA ELEMENT F, LDF (RLIN)
a 7
b cbc
c orignew
d 1
e ocip
f 19
g y-gencatlg
942 ## - ADDED ENTRY ELEMENTS (KOHA)
Source of classification or shelving scheme Library of Congress Classification
Koha item type Monograph ( Printed materials)
Holdings
Withdrawn status Lost status Source of classification or shelving scheme Damaged status Not for loan Collection code Home library Current library Shelving location Date acquired Total Checkouts Full call number Barcode Date last seen Price effective from Koha item type
    Library of Congress Classification     Main Collection ARRUPE LIBRARY ARRUPE LIBRARY Main Collection 20/01/2016   GN799.T6S35 1993 46500005990 20/01/2016 20/01/2016 Monograph ( Printed materials)

 

Arrupe Library. PO Box MP320 Mt Pleasant, Harare, Zimbabwe
263 242 745411|librarian@aju.ac.zw